<?xml version="1.0" encoding="UTF-8"?>
<record
    xmlns:xsi="http://www.w3.org/2001/XMLSchema-instance"
    xsi:schemaLocation="http://www.loc.gov/MARC21/slim http://www.loc.gov/standards/marcxml/schema/MARC21slim.xsd"
    xmlns="http://www.loc.gov/MARC21/slim">

  <leader>00516    a2200145   4500</leader>
  <datafield tag="952" ind1=" " ind2=" ">
    <subfield code="0">0</subfield>
    <subfield code="1">0</subfield>
    <subfield code="2">ddc</subfield>
    <subfield code="4">0</subfield>
    <subfield code="7">0</subfield>
    <subfield code="8">FOR</subfield>
    <subfield code="a">MES</subfield>
    <subfield code="b">MES</subfield>
    <subfield code="c">FOR </subfield>
    <subfield code="d">2022-01-10</subfield>
    <subfield code="e">41</subfield>
    <subfield code="g">110.00</subfield>
    <subfield code="l">0</subfield>
    <subfield code="o">363.2562 JOS/L</subfield>
    <subfield code="p">41365</subfield>
    <subfield code="r">2022-01-10 00:00:00</subfield>
    <subfield code="v">110.00</subfield>
    <subfield code="w">2022-01-10</subfield>
    <subfield code="y">BK</subfield>
    <subfield code="z">GL51R2</subfield>
  </datafield>
  <datafield tag="999" ind1=" " ind2=" ">
    <subfield code="c">41412</subfield>
    <subfield code="d">41412</subfield>
  </datafield>
  <controlfield tag="003">OSt</controlfield>
  <controlfield tag="005">20220106113156.0</controlfield>
  <controlfield tag="008">220106b           ||||| |||| 00| 0 eng d</controlfield>
  <datafield tag="040" ind1=" " ind2=" ">
    <subfield code="c">oclc</subfield>
  </datafield>
  <datafield tag="082" ind1=" " ind2=" ">
    <subfield code="a">363.2562</subfield>
    <subfield code="b">JOS/L</subfield>
  </datafield>
  <datafield tag="245" ind1=" " ind2=" ">
    <subfield code="a">The layman's glossary</subfield>
    <subfield code="b">Terms relating to the forensic examination of handwriting , signatures and documents</subfield>
    <subfield code="c">Compled by Jacqueline A Joseph</subfield>
  </datafield>
  <datafield tag="260" ind1=" " ind2=" ">
    <subfield code="b">J Joseph &amp; Associates</subfield>
    <subfield code="c">2010</subfield>
  </datafield>
  <datafield tag="300" ind1=" " ind2=" ">
    <subfield code="a">10 pages</subfield>
  </datafield>
  <datafield tag="942" ind1=" " ind2=" ">
    <subfield code="2">ddc</subfield>
    <subfield code="c">BK</subfield>
    <subfield code="h">363.2562</subfield>
    <subfield code="i">JOS/L</subfield>
    <subfield code="k">363.2562</subfield>
    <subfield code="m">JOS/L</subfield>
  </datafield>
</record>
